Les saints de mémoire obligatoire - Statistiques

Statistiques générales
  • Ce quiz a été pris 37 fois
  • Le résultat moyen est 36 sur 61
Statistiques - réponses
Indice 1 Indice 2 Indice 3 Indice 4 Indice 5 Réponse % Correct
Italie XIXe siècle J Jeunesse Gabin Jean
97%
Espagne XVIe siècle J de la Croix Anouilh Jean
97%
Egypte IVe siècle A le Grand Parmentier Antoine
94%
Portugal XIIIe siècle A de P Lavoisier Antoine
94%
Japon XVIe siècle P Compagnons Verlaine Paul
94%
Italie XXe siècle P Pape Marmaï Pie
94%
Genève XVIIe siècle F de S Hollande François
90%
Italie XIIIe siècle F d'A Mitterrand François
90%
Proche-Orient 1er siècle M Famille Curie Marie
87%
Proche-Orient 1er siècle M 7 douleurs Trintignant Marie
87%
Italie XIVe siècle C de S Deneuve Catherine
84%
France XVe siècle J Lorraine du Barry Jeanne
84%
Italie XVIe siècle L de G De Funès Louis
84%
France IVe siècle M de Tours Luther Martin
84%
Corée XIXe siècle A Kim Gide André
81%
Vietnam XVIIIe et XIXe siècles A Dung Lac et compagnons Agassi André
81%
Ouganda XIXe siècle C Compagnons Berling Charles
81%
Italie XVIe siècle C B. Darwin Charles
81%
Italie XIIIe siècle C Assise Chazal Claire
81%
Espagne XVIe siècle F-X Missionnaire Demaison François-Xavier
81%
Italie Ve siècle L Le Grand Blum Léon
81%
Italie XIIIe siècle T d'A Mann Thomas
81%
Canada XVIIe siècle I Compagnons Newton Isaac
77%
France XIIe siècle B de C Pivot Bernard
74%
Proche-Orient 1er siècle J-B Jourdain Élissalde Jean-Baptiste
74%
Naplouse IIe siècle J Philosophe Timberlake Justin
74%
France XVIIe siècle V de P Auriol Vincent
74%
Italie VIe siècle B de N Poelvoorde Benoît
71%
Nazareth 1er siècle A & J Famille Sinclair Anne | Joachim
68%
France XIXe siècle T de l'Enfant-Jésus de Cabarrus Thérèse
68%
Espagne XVIe siècle T d'A Delpech Thérèse
68%
Rome IVe siècle A 13 ans Buzyn Agnès
65%
Césarée IVe siècle B le Grand Boli Basile
65%
Italie IVe siècle A Avocat Paré Ambroise
58%
Espagne XVIe siècle I Fondateur Pleyel Ignace
58%
Turquie IIe siècle I d'Antioche Semmelweis Ignace
58%
Sicile IVe siècle L de Syracuse Aubrac Lucie
58%
Rome VIe siècle G Pape Raspoutine Grégoire
55%
France XIXe siècle J-M V Cavada Jean-Marie
55%
Hongrie XIIIe siècle E Duchesse Guigou Elisabeth
52%
Italie IIIe siècle C de Rome de Ménibus Cécile
48%
Béthanie 1er siècle L Ressuscité Carnot Lazare
48%
Italie XXe siècle P Padre Baroja Pio
48%
Egypte 1er siècle T & T Evêques Kolodziejczak Timothée | Tite
48%
Italie Ve siècle J Bethléem Bonaldi Jérôme
42%
Byzance IXe siècle C & M Frères Guimard Cyrille | Méthode
39%
Espagne XIIIe siècle D Fondateur Baudis Dominique
39%
Belgique VIIIe siècle H de Tongres Lyautey Hubert
39%
Sicile IIIe siècle A Martyre de La Boulaye Agathe
29%
Afrique IIIe siècle C & C Evêque et Pape Katsaris Cyprien | Corneille
23%
Italie VIe siècle S Jumelle Mukasonga Scholastique
19%
Chypre 1er siècle B Apôtre Visconti Barnabé
16%
Egypte IVe siècle A Patriarche Coquerel Athanase
13%
Italie IIIe siècle C Pape Van Clève Corneille
13%
Gaule IIIe siècle I Evêque Bourgois Irénée
10%
Afrique IVe siècle M Mère Cerf Monique
10%
Italie XVIIIe siècle A-M de L Eppinger Alphonse-Marie
6%
Allemagne VIIIe siècle B Evêque de Cilicie Boniface
3%
Italie XIIIe siècle B Evêque d'Argonne Bonaventure
0%
Ukraine XVIIe siècle J K. Barbaro Josaphat
0%
Turquie IIe siècle P Evêque de La Rivière Polycarpe
0%
Aucun quiz correspondant
Distribution des résultats
% des personnes avec chaque résultat
Percentile par nombre de réponses
Votre historique - résultats
Vous n’avez pas pris ce quiz